Minamino quiz - Statistics

General Stats
  • This quiz has been taken 14 times
  • The average score is 11 of 15
Answer Stats
Question Answer % Correct
What club does Minamino play for now? Liverpool
100%
What club did he play for before moving to this club? RB Salzburg
100%
He plays for the national team True
100%
What was his debut match in the new team? Everton
90%
There was one main match that made this team want to get him. What team was it against? Liverpool
90%
What is Minamino's first name? Takumi
90%
Where was he born? Osaka
80%
What footer is he? Right
80%
Approximately, how tall is he? 174 cm
70%
What is his FIFA 20 overall? 75
60%
What Month was he born in? January
60%
What position does he normally play? ST, CAM, LW
60%
How old is he? 25
40%
How much does he weigh? 67kg
40%
What is his market value? 12.5 million euros
20%
No matching quizzes found
Score Distribution
Percent of People with Each Score
Percentile by Number Answered
Your Score History
You have not taken this quiz